Engineering Fluid Mechanics (Record no. 6535)

MARC details
000 -LEADER
fixed length control field 00323nam a2200121Ia 4500
008 - FIXED-LENGTH DATA ELEMENTS--GENERAL INFORMATION
fixed length control field 191201s2011 xx 000 0 und d
100 ## - MAIN ENTRY--PERSONAL NAME
Personal name GARDE, R.J.
245 #0 - TITLE STATEMENT
Title Engineering Fluid Mechanics
260 ## - PUBLICATION, DISTRIBUTION, ETC. (IMPRINT)
Place of publication, distribution, etc N. Delhi
Name of publisher, distributor, etc Scitech Publication Chennai and Hadrabad
Date of publication, distribution, etc 2011
300 ## - PHYSICAL DESCRIPTION
Extent misc
650 ## - SUBJECT ADDED ENTRY--TOPICAL TERM
Topical term or geographic name as entry element B.Tech(CE)
942 ## - ADDED ENTRY ELEMENTS (KOHA)
Source of classification or shelving scheme Dewey Decimal Classification
Koha item type Text Books
Holdings
Withdrawn status Lost status Source of classification or shelving scheme Damaged status Not for loan Collection code Home library Current library Date acquired Source of acquisition Cost, normal purchase price Bill Number Total Checkouts Full call number Acc. no. / Barcode Date last seen Actual Cost, discounted price Bill Date Koha item type
    Dewey Decimal Classification     B.Tech(CE) PIET C-LIBRARY PIET C-LIBRARY 15/06/2016 Scitech Publication Chennai and Hadrabad 380.00 TCM/2016/10403   620.106 GAE 28344 04/12/2019 122.44 13/06/2016 Text Books
    Dewey Decimal Classification     B.Tech(CE) PIET C-LIBRARY PIET C-LIBRARY 15/06/2016 Scitech Publication Chennai and Hadrabad 380.00 TCM/2016/10403   620.106 GAE 28345 04/12/2019 122.44 13/06/2016 Text Books
    Dewey Decimal Classification     B.Tech(CE) PIET C-LIBRARY PIET C-LIBRARY 15/06/2016 Scitech Publication Chennai and Hadrabad 380.00 TCM/2016/10403   620.106 GAE 28346 04/12/2019 122.44 13/06/2016 Text Books
    Dewey Decimal Classification     B.Tech(CE) PIET C-LIBRARY PIET C-LIBRARY 15/06/2016 Scitech Publication Chennai and Hadrabad 380.00 TCM/2016/10403   620.106 GAE 28347 04/12/2019 122.44 13/06/2016 Text Books

Design & Developed by: PIET Central Library
R70 Miles Stone Pattikalyana Samalkha Panipat 132102
mail ID :- [email protected], Phone No:- 0180-2569700 Ex.216